Towards India's new fiscal federalism (Record no. 510778)

000 -LEADER
fixed length control field 00399nam a2200157 4500
008 - FIXED-LENGTH DATA ELEMENTS--GENERAL INFORMATION
fixed length control field 190830b ||||| |||| 00| 0 eng d
100 ## - MAIN ENTRY--PERSONAL NAME
Personal name Kelkar, Vijay
245 ## - TITLE STATEMENT
Title Towards India's new fiscal federalism
260 ## - PUBLICATION, DISTRIBUTION, ETC. (IMPRINT)
Date of publication, distribution, etc 2019
300 ## - PHYSICAL DESCRIPTION
Extent p.34-37.
650 ## - SUBJECT ADDED ENTRY--TOPICAL TERM
Topical term or geographic name as entry element Federal aid
9 (RLIN) 9309
650 ## - SUBJECT ADDED ENTRY--TOPICAL TERM
Topical term or geographic name as entry element Fiscal policy - India
9 (RLIN) 9310
773 ## - HOST ITEM ENTRY
Main entry heading Seminar
906 ## - LOCAL DATA ELEMENT F, LDF (RLIN)
Subject DIP Federalism
942 ## - ADDED ENTRY ELEMENTS (KOHA)
Source of classification or shelving scheme
Item type Articles

No items available.

Powered by Koha